Open Data Biblioteca Nacional de Portugal


República Portuguesa: Ministério da Cultura
Biblioteca Nacional de Portugal

Catálogo da BNP: acesso por Identificadores Unívocos
Registos Bibliográficos associados ao registo de autoridade

Etiqueta de registo: 00000nkm 2200025 450
001 2279652
003 http://id.bnportugal.gov.pt/bib/catbnp/2279652
100 ## $a20260312f19801985m y0pory01030103ba
101 0# $apor
102 ## $aPT
200 1# $aMorcego Circo pela Máscara Teatro de Grupo, no TNT$bVisual gráfico]
210 #9 $aLisboa$cMáscara Teatro de Grupo,$d[entre 1980 e 1985]
215 ## $a1 cartaz$ccolor.$d29,6x42 cm
306 ## $aDatação em conformidade com as características formais do documento
317 ## $aColeção Madeira Luís
710 02 $aMáscara Teatro de Grupo$31991000
801 #0 $aPT$bBN$gRPC
966 ## $lBN$mICONOG$sCT. 15946 V.$x3
971 ## $cCatmusica8$d20260312
995 ## $aPRR2026

Etiqueta de registo: 00000nkm 2200025 450
001 2282481
003 http://id.bnportugal.gov.pt/bib/catbnp/2282481
100 ## $a20260321f198- m y0pory01030103ba
101 0# $apor
102 ## $aPT
200 1# $a A Máscara apresenta, Vai Vem Cantante$bVisual gráfico]$fA Máscara
210 #9 $a[S.l.]$cA Máscara,$d[198-]$eLisboa :$gCasa Portuguesa)
215 ## $a1 cartaz$ccolor.$d67,9x48 cm
306 ## $aDatação em conformidade com as características formais do documento
317 ## $aColeção Madeira Luís
710 02 $aMáscara Teatro de Grupo$31991000
801 #0 $aPT$bBN$gRPC
966 ## $lBN$mICONOG$sCT. 25499 A.$x3
971 ## $cCatmusica8$d20260321
995 ## $aPRR2026

Etiqueta de registo: 00000nkm 2200025 450
001 2282441
003 http://id.bnportugal.gov.pt/bib/catbnp/2282441
100 ## $a20260321f198- m y0pory01030103ba
101 0# $apor
102 ## $aPT
200 1# $aA máscara apresenta Circo 30$bVisual gráfico]$fA Máscara
210 #9 $aRio Grande do Norte (Brasil)$cA Máscara,$d[198-]
215 ## $a1 cartaz$ccolor.$d67,9x47,4 cm
306 ## $aDatação em conformidade com as características formais do documento
317 ## $aColeção Madeira Luís
710 02 $aMáscara Teatro de Grupo$31991000
801 #0 $aPT$bBN$gRPC
966 ## $lBN$mICONOG$sCT. 25494 A.$x3
971 ## $cCatmusica8$d20260321
995 ## $aPRR2026

Etiqueta de registo: 00000nkm 2200025 450
001 2282432
003 http://id.bnportugal.gov.pt/bib/catbnp/2282432
100 ## $a20260321f1978 m y0pory01030103ba
101 0# $apor
102 ## $aPT
200 1# $aMimais de estimação, máscara$bVisual gráfico]$fCooperativa ERA-NOVA, Máscara
210 #9 $a[S.l.]$cCooperativa ERA-NOVA,$d[posterior a 1978]
215 ## $a1 cartaz$ccolor.$d68x48,5 cm
306 ## $aDatação em conformidade com os dados biográficos do autor
317 ## $aColeção Madeira Luís
710 02 $aEra Nova$31547927
711 02 $aMáscara Teatro de Grupo$31991000
801 #0 $aPT$bBN$gRPC
966 ## $lBN$mICONOG$sCT. 25493 A.$x3
971 ## $cCatmusica8$d20260321
995 ## $aPRR2026

Etiqueta de registo: 00000nkm 2200025 450
001 2282395
003 http://id.bnportugal.gov.pt/bib/catbnp/2282395
100 ## $a20260321f1989 m y0pory01030103ba
101 0# $apor
102 ## $aPT
200 1# $a A Máscara apresenta Lusíadas, Palco Oriental$bVisual gráfico]$fMáscara Teatro de Grupo
210 #9 $a[Lisboa]$cMáscara Teatro de Grupo,$d[posterior a 1989]
215 ## $a1 cartaz$cp&b.$d65x46 cm
306 ## $aDatação atribuída em conformidade com as designações institucionais
317 ## $aColeção Madeira Luís
710 02 $aMáscara Teatro de Grupo$31991000
801 #0 $aPT$bBN$gRPC
966 ## $lBN$mICONOG$sCT. 25540 A.$x3
971 ## $cCaticonografia6$d20260321
995 ## $aPRR2026

OpendataBNP@bnportugal.pt | Mais informação sobre acesso aos dados BNP